书目信息 |
| 书名: | TRUST ON TRIAL | |
| 作者: | RICHARD B.McKENZIE | |
| 分册号: | ||
| 分册名: | 出版地: | Cambridge,Massachusetts |
|
| 出版社: | PERSEUS PUBLISHING | |
| 出版时间: | 2010 | |
| 页数: | 281p | |
| 开本: | 23cm | |
| 丛书名: | ||
| 中图分类号: | ||
| 科图分类号: | ||
| 其他分类号: | F471.20 | |
| 主题词: | ||
| 电子资源: | ||
| 000 | 00544nam0 2200205 450 | |
| 001 | 052012179890 | |
| 005 | 20121126083649.0 | |
| 008 | 20021229d1997 em y0chiy0121 ea | |
| 020 | @a978-0-7382-0331-7@bhard@c$26.00 | |
| 041 | @aeng | |
| 091 | @aF471.20 | |
| 099 | @dF471.20@eR511 | |
| 100 | @aRICHARD B.McKENZIE | |
| 245 | 10 | @aTRUST ON TRIAL @cRICHARD B.McKENZIE |
| 260 | @aCambridge,Massachusetts@bPERSEUS PUBLISHING@c2010 | |
| 300 | @a281p@c23cm | |
| 521 | @aTRUST ON TRIAL | |
| 905 | @b11128 | |
| 905 | @b12405 | |
| 905 | @aTSG@dF471.20@eR511 | |
| TRUST ON TRIAL / RICHARD B.McKENZIE.-Cambridge,Massachusetts : PERSEUS PUBLISHING , 2010 |
| 281p ; 23cm |
| TRUST ON TRIAL |
| ISBN 978-0-7382-0331-7hard$26.00 |
| ● |
| 相关链接 |
|
|
|
正题名:TRUST ON TRIAL
索取号:F471.20/R511
 
预约/预借
| 序号 | 登录号 | 条形码 | 馆藏地/架位号 | 状态 | 备注 |